Плавні палають (Запис № 17592)

000 -Маркер запису
Контрольне поле сталої довжини 01708nam a22002537a 4500
003 - Належність контрольного номера
Контрольне поле Uzh_bibl
008 - Кодовані дані
Контрольне поле сталої довжини 260501b |||||||| |||| 00| 0 ukr d
020 ## - Індекс ISBN
Ціна 2.40
040 ## - Джерело каталогіз.
Служба первин.кат. укр.
041 ## - Код мови видання
Код мови оригіналу українська
Код мови тексту українська
080 ## - Індекс УДК
Індекс УДК 821(477)
090 ## - Шифри
Поличний індекс 821(477)
Авторський знак М 74
100 ## - Автор
Автор Мокрієв, Юрій
245 ## - Назва
Назва Плавні палають
Фізичний носій Текст
260 ## - Вихідні дані
Місце видання Київ
Видавництво Дніпро
Дата видання 1985
300 ## - Фізичний опис
Обсяг 576 с.
Тип одиниці В опр.
520 ## - Анотація
Анотація В трилогії український радянський письменник розповідає про провінціальне містечко Зарічне та його його мешканців в передреволюційні роки, В часи громадянської війни, показує героїчну боротьбу проти фашистів зарічнянського партизанського загону, змальовує події сьогоднішнього дня.
521 ## - Примітка про цільове призначення
Примітка про цільове призначення Для широкого кола читачів
546 ## - Примітка про мову
Примітка про мову укр.
650 ## - Тематичні рубрики
Основна рубрика Літературно-художнє видання
Хронологічна підрубрика Передреволюційні роки (початок ХХ ст.) період громадянської війни (1917–1920) роки Другої світової війни повоєнний («сучасний» для автора) час
Географічна підрубрика Україна, провінційне містечко Зарічне
653 ## - Ключові слова
Ключові слова Революція
-- Війна
-- Партизани
-- Народ
-- Боротьба
655 ## - Термін індексування — жанр/форма
Жанр/форма Роман-трилогія (історико-революційний, воєнний)
Типове ділення Трилогія
942 ## - ADDED ENTRY ELEMENTS (KOHA)
Джерело класифікації чи схема поличного розташування
Koha item type Книги
Фонди
Статус вилучення Статус втрати/відсутності Джерело класифікації чи схема поличного розташування Статус пошкодження Тип обігу (не для випозичання) Постійне розташування Поточне розташування Розташування у відділі Дата надходження Інвентарний номер Total Checkouts Повний (примірниковий) шифр зберігання Штрих-код Date last seen Дата, для якої чинна ціна заміни Тип одиниці (рівень примірника)
          Публічна бібліотека Публічна бібліотека Абонемент 01/05/2026 22795   821(477) 20337 01/05/2026 01/05/2026 Книги

Працює на АБІС Коха